| 000 | 00538nam a2200181Ia 4500 | ||
|---|---|---|---|
| 003 | IN-BaIIA | ||
| 008 | 211028s9999 xx 000 0 eng d | ||
| 040 | _cIIA Library | ||
| 080 |
_a541 _bLEW-I |
||
| 100 |
_aLewis, William C. McC _92110 |
||
| 245 | 2 |
_aA system of physical chemistry _bvol. I, kinetic theory _cWilliam C. McC Lewis |
|
| 260 |
_aLondon _bLongmans, Green _c1923 |
||
| 300 | _axii, 494p. | ||
| 490 | _aTextbooks of physical chemistry | ||
| 650 |
_aChemical analysis _92111 |
||
| 650 |
_aPhysical chemistry _92112 |
||
| 942 | _cBK | ||
| 999 |
_c977 _d977 |
||